Missing Word: The Middle Word Quiz Stats

Quiz Updated Nov 7, 2014

Challenge
Share
Tweet
Embed
Score 0/30 Timer 03:00
1 Play Today
Incomplete Phrases Middle Word % Correct
Bus ____ SignStop
93.9%
Mickey _____ TrapMouse
91.4%
Fountain ___ PalPen
90.2%
Roast ____ WellingtonBeef
88.8%
Sand ____ BuggyDune
85.9%
Bulletin _____GameBoard
84.6%
Clockwork ______ JuiceOrange
81.8%
Alarm _____ TowerClock
78.4%
Berlin ____ PaperWall
76.7%
Ostrich ___ TimerEgg
72.2%
Washing _______ GunMachine
70.1%
Hair ____ AidBand
64.6%
Wicked _____ DoctorWitch
62.8%
Mountain _____ RoverRange
56.5%
Tennis _____ HouseCourt
53.9%
Incomplete Phrases Middle Word % Correct
Thunder _____ TrooperStorm
50.3%
Banana _____ EndsSplit
48.8%
About ____ ValueFace
47.9%
Picnic _____ MannersTable
44.5%
White _____ WifeHouse
42.5%
Prison _____ DancingBreak
42.1%
Looking _____ BlowerGlass
40.2%
Square ____ BeerRoot
36.4%
Forest ____ TruckFire
35.7%
Quality _______ FreakControl
28.8%
Shopping ______ BallBasket
25.7%
Family ____ HouseTree
24.7%
National _____ DogGuard
16.6%
Double _____ CountryCross
14.9%
Magic ______ BurnCarpet
12.4%

Today's Daily Dose

Word Ladder
Summertime

On This Day
June 23rd II

You're not logged in!

Compare scores with friends on all Sporcle quizzes.
Join for Free
OR
Log In

You Might Also Like...

Show Comments

Extras

Top Quizzes Today


Score Distribution

Your Account Isn't Verified!

In order to create a playlist on Sporcle, you need to verify the email address you used during registration. Go to your Sporcle Settings to finish the process.

Report this User

Report this user for behavior that violates our Community Guidelines.

Details: